Responses for Show #4862 - Tuesday, November 1, 2005

Maria Wenglinsky game 2.

(Sarah: Puppets take center stage, next on Jeopardy!)

Contestants

[<< previous game]

Philip Huang, an attorney from Irvine, California

Jeremy Evans, a tech advisor from Englewood, Ohio

Maria Wenglinsky, a teacher originally from Salt Lake City, Utah (whose 1-day cash winnings total $6,000)

[next game >>]

Jeopardy! Round responses

NAME THE YEAR
POP MUSIC RHYME TIME
A COLORFUL CATEGORY
(Alex: We want you to identify the character Dr. Phil is addressing in...)
DR. PHIL, SHAKESPEAREAN COUNSELOR
TRAVEL & TOURISM
A "WIN" WIN SITUATION
    $200 3
1860

Jeremy
    $200 8
Bob's lobs

Jeremy
    $200 16
a pink lady

Maria
    $200 1
Hamlet

Philip
    $200 21
Paris

Jeremy
    $200 26
windpipe

Jeremy
    $400 4
1066

Maria
    $400 9
(Philip: What are Queen's spleens?)

Queen's beans

JeremyPhilip
    $400 17
hash browns

Maria
    $400 2
Othello

Jeremy
    $400 22
the Ukraine

Maria
    $400 27
wintergreen

Maria
    $600 5
1621

Maria
    $600 10
Sid's kids

Philip
    $600 18
white blood cells

Philip
    $600 13
(Maria: Who is Coriolanus?)
...
(Alex: Who is [*]?)
(Maria: [Almost inaudibly] I always get them mixed up.)
(Alex: Yeah, it's...)

Titus Andronicus

Maria
Triple Stumper
    $600 23
Crete

Maria
    $600 28
wingman

Philip
    $800 6
1896

Jeremy
    $800 11
Mick's picks

Philip
    $800 19
the Red Hat Society

Jeremy
    $800 14
Cordelia

Philip
    $800 24
Bavaria

Maria
    $800 29
winced

Jeremy
    $1,400 7
(Jeremy: What is 1948?)

1945

Jeremy
    $1000 12
(Alex: I can tell you loved that one.)

Ozzy's Fozzies

Maria
    $1000 20
Green Acres

Maria
    $1000 15
Falstaff

Maria
    $1000 25
(Jeremy: What is Singapore?)

Macao

MariaJeremy
    $1000 30
(Alex: It's where you'll find that big wind. [*].)

Winnetka

Triple Stumper

Scores at the first commercial break (after clue 15):

Maria Jeremy Philip
$2,400 $600 $2,000

Scores at the end of the Jeopardy! Round:

Maria Jeremy Philip
$7,200 $1,600 $3,200

Double Jeopardy! Round responses

ART TERMS
PUPPETRY ON BROADWAY
DOGE CITY
PUT IT ON PAPER
EVEN STEPHEN
ALLITERATIVE RESPONSES
    $400 3
(Philip: What is a caricature?)

a cartoon

MariaPhilip
    $400 1
The Lion King

Jeremy
    $400 8
(Maria: What is Venice?)

the Venetian

MariaJeremy
    $400 14
the Gettysburg Address

Maria
    $400 19
(Stephen) Austin

Philip
    $400 24
twist ties

Jeremy
    $800 4
collage

Philip
    $800 2
Little Shop of Horrors

Maria
    $800 10
Neptune

Maria
    $800 15
The Platform for America (the Democratic Party platform accepted)

Maria
    $800 20
Hawking

Philip
    $800 25
a pitch pipe

Jeremy
    $1200 5
(Philip: What is fresco?)
(Maria: What is media?)

egg tempera

MariaPhilip
Triple Stumper
    $1200 9
Wicked

Maria
    $1200 11
the Bridge of Sighs

Maria
    $1200 16
surrender

Jeremy
    $1200 21
Stephen Foster

Maria
    $5,000 27
mad money

Maria
    $1600 6
fresco

Jeremy
    $1600 12
the Cathedral of St. Mark (or San Marco)

Maria
    $1600 17
manifestos

Maria
    $5,000 22
(Maria: I should have bet more.)

Stephen Douglas

Maria
    $1600 28
a bottle blonde (or a bleached blonde)

Triple Stumper
    $2000 7
kitsch

Maria
    $2000 26
Avenue Q

Maria
    $2000 13
(Jeremy: What is the Roman Empire?)

the Byzantine Empire

JeremyPhilip
    $2000 18
(Maria: What is the Charter of the United Nations?)

the (Universal) Declaration of Human Rights

MariaPhilip
    $2000 23
Stephen Dedalus

Maria
    $2000 29
[The end-of-round signal sounds.]

a life list

Maria

Scores at the end of the Double Jeopardy! Round:

Maria Jeremy Philip
$31,600 $4,400 $7,600
(lock game)

[wagering suggestions for these scores]

Final Jeopardy! Round responses

THE OLD WEST
(Alex: And the lady likes to wager big. Did she? $15,000. You bet. Well, she made up for the 6 grand yesterday. Now a 2-day total of $52,6--)
[Maria bows, slips]
(Maria: I fell off my box.)
(Alex: Are you okay? Don't faint on us.)
(Maria: I'm fine.)
(Alex: You've got to come back and play again, and we hope you will also. So long.)
JeremyWho is Billy the Kid?
$3,300
PhilipWho was Billy the Kid?
$1,201
MariaWho was John Wesley Hardin?
$15,000
John Wesley Hardin

Final scores:

Maria Jeremy Philip
$46,600 $1,100 $6,399
2-day champion: $52,600 3rd place: $1,000 2nd place: $2,000

Game dynamics:

Coryat scores:

Maria Jeremy Philip
$24,400 $5,800 $7,600
28 R
(including 2 DDs),
4 W
15 R,
3 W
(including 1 DD)
11 R,
3 W

Combined Coryat: $37,800

[game clues] [game scores] [suggest correction]

Game tape date: 2005-08-16
The J! Archive is created by fans, for fans. Scraping, republication, monetization, and malicious use prohibited; this site may use cookies and collect identifying information. See terms. The Jeopardy! game show and all elements thereof, including but not limited to copyright and trademark thereto, are the property of Jeopardy Productions, Inc. and are protected under law. This website is not affiliated with, sponsored by, or operated by Jeopardy Productions, Inc. Join the discussion at JBoard.tv.